| 000 | 01484nam a22002177a 4500 | ||
|---|---|---|---|
| 008 | 231018s2023 ||||| ||||o00| 0 eng d | ||
| 110 |
_96315 _aDepartment for Levelling Up, Housing and Communities |
||
| 245 | _aGuidance on the use of remediation orders | ||
| 260 |
_bDepartment for Levelling Up, Housing and Communities, _c16 October 2023 |
||
| 520 | _aDLUHC’s guidance on the use of remediation orders provides a framework for any person considering making an application for a remediation order. Remediation orders were introduced under the Building Safety Act 2022 to ensure that essential remediation work required to remedy relevant defects takes place without delay. Regulatory bodies and leaseholders can apply to the First-tier Tribunal for a remediation order to compel a relevant landlord to remedy relevant defects by a specified time. The guidance describes the key stages in the remediation order process including information-gathering, pre-action correspondence, completing the application form and the Tribunal process. | ||
| 520 | _aApplies to England | ||
| 650 | _aCLADDING | ||
| 650 | _aREMEDIATION | ||
| 650 | _aBUILDING SAFETY | ||
| 650 | _aFIRE SAFETY | ||
| 651 | _aEngland | ||
| 690 |
_96223 _aBuilding materials & defects |
||
| 690 |
_96222 _aBuilding control |
||
| 710 |
_96315 _aDepartment for Levelling Up, Housing and Communities |
||
| 856 |
_uhttps://www.gov.uk/guidance/guidance-on-the-use-of-remediation-orders _zAvailable on .gov.uk |
||
| 999 |
_c121679 _d121679 |
||